[Event "RUS-chT Blitz Men 2018"]
[Site "Sochi"]
[Date "2018.10.10"]
[Round "15"]
[White "Sychev, Klementy"]
[Black "Ponkratov, Pavel"]
[Result "1-0"]
[WhiteElo "2534"]
[BlackElo "2628"]
[Annotator "TA"]
[PlyCount "97"]
[EventDate "2018.10.10"]
[EventType "swiss"]
[EventCountry "RUS"]
[SourceTitle "playchess.com"]
[Source "ChessBase"]
[SourceQuality "1"]

1. e4 g6 2. d4 Bg7 3. Nc3 d5 4. exd5 Nf6 5. Bc4 Nbd7 6. Bb3 Nb6 7. Nf3 O-O 8. O-O a5 9. Na4 Nxa4 10. Bxa4 Nxd5 11. c3 e6 12. Bg5 Qd6 13. Qd2 Nb6 14. Bc2 Nc4 15. Qc1 b5 16. Be4 Rb8 17. b3 Nb6 18. Bf4 Qd8 19. c4 bxc4 20. bxc4 Ba6 21. Bd3 Rc8 22. Rd1 Qe7 23. Rb1 Rfd8 24. Bg5 f6 25. Be3 Nd7 26. Qc3 Ra8 27. Be4 Rab8 28. Rxb8 Nxb8 29. Qxa5 Bxc4 30. Rc1 Bd5 31. Rxc7 Qe8 32. Bxd5 Rxd5 33. Qc3 Rd8 34. h3 Nd7 35. Qc6 Nf8 36. Qb7 Bh8 37. Bh6 Rd7 38. Bxf8 Rxc7 39. Qxc7 Kxf8 40. Qxh7 Bg7 41. Nh4 g5 42. Ng6+ Kf7 43. h4 Qb5 44. Nh8+ Kf8 45. Ng6+ Kf7 46. Nh8+ Kf8 47. h5 Qc4 48. Ng6+ Kf7 49. h6 1-0

[Event "RUS-chT Blitz Men 2018"]
[Site "Sochi"]
[Date "2018.10.10"]
[Round "15"]
[White "Afanasiev, Nikita"]
[Black "Shcherbakov, Ruslan"]
[Result "1/2-1/2"]
[WhiteElo "2487"]
[BlackElo "2516"]
[Annotator "TA"]
[PlyCount "72"]
[EventDate "2018.10.10"]
[EventType "swiss"]
[EventCountry "RUS"]
[SourceTitle "playchess.com"]
[Source "ChessBase"]
[SourceQuality "1"]

1. c4 Nf6 2. Nc3 e5 3. Nf3 Nc6 4. g3 Bb4 5. Bg2 Bxc3 6. bxc3 d6 7. O-O O-O 8. d3 h6 9. h3 Re8 10. e4 Nh7 11. Rb1 b6 12. Nh2 Ng5 13. h4 Ne6 14. Ng4 Nc5 15. Ne3 Bd7 16. Nd5 Ne7 17. d4 Ne6 18. Ne3 c5 19. d5 Nf8 20. h5 f5 21. f4 exf4 22. Rxf4 fxe4 23. Bxe4 Nh7 24. Bg2 Ng5 25. Kh2 Rf8 26. Rb2 Rxf4 27. gxf4 Nh7 28. Bd2 Nf5 29. Nxf5 Bxf5 30. Be1 Nf6 31. Bf3 Qf8 32. Bh4 Re8 33. Re2 Qf7 34. Bxf6 Rxe2+ 35. Qxe2 gxf6 36. Qf2 Bd3 1/2-1/2

[Event "RUS-chT Blitz Men 2018"]
[Site "Sochi"]
[Date "2018.10.10"]
[Round "15"]
[White "Chekhov, Sergei"]
[Black "Bocharov, Dmitry"]
[Result "0-1"]
[WhiteElo "2463"]
[BlackElo "2557"]
[Annotator "TA"]
[PlyCount "90"]
[EventDate "2018.10.10"]
[EventType "swiss"]
[EventCountry "RUS"]
[SourceTitle "playchess.com"]
[Source "ChessBase"]
[SourceQuality "1"]

1. e4 c5 2. c3 Nf6 3. e5 Nd5 4. d4 cxd4 5. Qxd4 e6 6. Bc4 Nc6 7. Qe4 d6 8. exd6 Nf6 9. Qe2 Bxd6 10. Nf3 O-O 11. O-O Qc7 12. h3 a6 13. Bg5 Be7 14. Nbd2 b5 15. Bb3 Bb7 16. Rfe1 Rad8 17. Rad1 h6 18. Bh4 Nd5 19. Bg3 Qc8 20. Nh2 Rfe8 21. Ndf3 Na5 22. Bc2 Nc4 23. Bb1 Nf6 24. Ng4 Nxg4 25. hxg4 Bf6 26. Ne5 Nxe5 27. Bxe5 Qc6 28. f3 Qc5+ 29. Rd4 Bxe5 30. Qxe5 Qxe5 31. Rxe5 Rxd4 32. cxd4 Rc8 33. Re1 Bd5 34. Kf2 b4 35. Ke3 a5 36. Kd2 Rc4 37. Ke3 Kf8 38. Bd3 Rc7 39. Ra1 Rb7 40. a3 bxa3 41. bxa3 Rb2 42. g3 Rb3 43. a4 Bxf3 44. Rb1 Rxb1 45. Bxb1 Bd1 0-1

[Event "RUS-chT Blitz Men 2018"]
[Site "Sochi"]
[Date "2018.10.10"]
[Round "15"]
[White "Gutenev, Alexander"]
[Black "Kozionov, Kirill"]
[Result "1/2-1/2"]
[WhiteElo "2456"]
[BlackElo "2458"]
[Annotator "TA"]
[PlyCount "144"]
[EventDate "2018.10.10"]
[EventType "swiss"]
[EventCountry "RUS"]
[SourceTitle "playchess.com"]
[Source "ChessBase"]
[SourceQuality "1"]

1. e4 c5 2. Nf3 d6 3. d4 cxd4 4. Nxd4 Nf6 5. Nc3 a6 6. h3 g6 7. g4 Bg7 8. Bg2 O-O 9. Be3 Bd7 10. Qd2 Nc6 11. g5 Nh5 12. Bf3 Ne5 13. Bxh5 Nc4 14. Qe2 Nxe3 15. Qxe3 gxh5 16. Nf5 Bxf5 17. exf5 Qa5 18. f6 exf6 19. O-O-O Rfe8 20. Qf3 fxg5 21. Rd5 Qd8 22. Ne4 Re5 23. Nxd6 Qf6 24. Qxf6 Bxf6 25. Rhd1 Rxd5 26. Rxd5 Rd8 27. c4 b6 28. b4 Be7 29. Nf5 Kf8 30. Nxe7 Kxe7 31. Rxg5 Rd4 32. c5 Rxb4 33. cxb6 Rxb6 34. Rxh5 h6 35. Kc2 Rf6 36. Kb3 Rf3+ 37. Kb4 Rxf2 38. a4 Rf6 39. a5 Kf8 40. Kc5 Kg7 41. Kd4 Kg6 42. Rc5 h5 43. Ke4 h4 44. Rc4 Kg5 45. Rc5+ Kg6 46. Rc4 Kh5 47. Rc5+ Kh6 48. Rd5 Kg6 49. Rc5 Kg7 50. Rh5 Rh6 51. Rc5 Kf8 52. Kf4 Kg7 53. Kg5 Rh7 54. Rc7 Rh8 55. Rc6 Ra8 56. Kxh4 Ra7 57. Kg5 Ra8 58. h4 Ra7 59. h5 Kh7 60. h6 Ra8 61. Rc7 Rg8+ 62. Kf4 Rf8 63. Rc6 f6 64. Kf5 Kxh6 65. Rxf6+ Rxf6+ 66. Kxf6 Kh7 67. Ke6 Kg6 68. Kd6 Kf6 69. Kc6 Ke6 70. Kb6 Kd7 71. Kxa6 Kc6 72. Ka7 Kc7 1/2-1/2

[Event "RUS-chT Blitz Men 2018"]
[Site "Sochi"]
[Date "2018.10.10"]
[Round "15"]
[White "Usmanov, Vasily"]
[Black "Papenin, Nikolai"]
[Result "0-1"]
[WhiteElo "2453"]
[BlackElo "2334"]
[Annotator "TA"]
[PlyCount "90"]
[EventDate "2018.10.10"]
[EventType "swiss"]
[EventCountry "RUS"]
[SourceTitle "playchess.com"]
[Source "ChessBase"]
[SourceQuality "1"]

1. d4 Nf6 2. Bg5 c5 3. Bxf6 gxf6 4. d5 f5 5. c4 b5 6. cxb5 a6 7. bxa6 Bg7 8. Nc3 Qa5 9. Qd2 Nxa6 10. g3 Rb8 11. Rc1 Nb4 12. b3 Qa3 13. Nf3 O-O 14. Bh3 e6 15. O-O Bb7 16. Rfd1 Nxd5 17. Nb5 Qb4 18. Qxb4 cxb4 19. Nd6 Bc6 20. Rc2 Nc3 21. Rdd2 Nxe2+ 22. Rxe2 Bxf3 23. Re3 Bc6 24. Bg2 Bc3 25. Bxc6 dxc6 26. Nc4 Rfd8 27. Kg2 Ra8 28. h3 Ra6 29. g4 fxg4 30. hxg4 Rd1 31. Kf3 Kg7 32. Ree2 Rd3+ 33. Kg2 Rd4 34. Kg3 Kg6 35. f4 Rd3+ 36. Re3 Rd1 37. Kf3 h5 38. f5+ exf5 39. gxh5+ Kxh5 40. Rg2 Rf1+ 41. Ke2 Rh1 42. Kd3 c5 43. Re8 Rg6 44. Rh8+ Bxh8 45. Rxg6 fxg6 0-1

[Event "RUS-chT Blitz Men 2018"]
[Site "Sochi"]
[Date "2018.10.10"]
[Round "15"]
[White "Savitskiy, Sergey"]
[Black "Tereshechkina, Maya"]
[Result "0-1"]
[WhiteElo "2413"]
[BlackElo "2018"]
[Annotator "TA"]
[PlyCount "78"]
[EventDate "2018.10.10"]
[EventType "swiss"]
[EventCountry "RUS"]
[SourceTitle "playchess.com"]
[Source "ChessBase"]
[SourceQuality "1"]

1. e4 c5 2. Nf3 Nc6 3. Bb5 g6 4. O-O Bg7 5. c3 Qb6 6. a4 a6 7. Bd3 d6 8. h3 Nf6 9. Na3 O-O 10. Nc4 Qc7 11. a5 Nd7 12. Bc2 Nce5 13. Nfxe5 Nxe5 14. Nb6 Rb8 15. d4 cxd4 16. cxd4 Nc4 17. Nd5 Qd8 18. Bg5 f6 19. Bb3 Nxa5 20. Nxf6+ Kh8 21. Nd5 Nxb3 22. Qxb3 Be6 23. Qe3 Bxd5 24. exd5 Bf6 25. Bxf6+ exf6 26. Rac1 Re8 27. Qf4 Kg7 28. Rc3 Rc8 29. Rxc8 Qxc8 30. Qxd6 Qd8 31. Qc5 Qd7 32. Rc1 Rd8 33. d6 b5 34. Qb6 Qxd6 35. Rc6 Qxd4 36. Qxa6 b4 37. Qb7+ Rd7 38. Rc7 Qd1+ 39. Kh2 Qd6+ 0-1

[Event "RUS-chT Blitz Men 2018"]
[Site "Sochi"]
[Date "2018.10.10"]
[Round "15"]
[White "Nechaev, Oleg"]
[Black "Dubov, Daniil"]
[Result "1-0"]
[WhiteElo "2400"]
[BlackElo "2703"]
[Annotator "TA"]
[PlyCount "103"]
[EventDate "2018.10.10"]
[EventType "swiss"]
[EventCountry "RUS"]
[SourceTitle "playchess.com"]
[Source "ChessBase"]
[SourceQuality "1"]

1. c4 e5 2. g3 Nf6 3. Bg2 d5 4. cxd5 Nxd5 5. Nc3 Nxc3 6. bxc3 Nc6 7. d3 Bc5 8. Nf3 O-O 9. O-O Rb8 10. Rb1 b6 11. Nd2 Bb7 12. Nb3 Bd6 13. d4 Qf6 14. e4 Ba6 15. Re1 Rbd8 16. d5 Nb8 17. Be3 Nd7 18. a4 Qe7 19. a5 Nc5 20. axb6 axb6 21. Nxc5 Bxc5 22. Qa4 Bxe3 23. Rxe3 Bc8 24. Qb4 Qg5 25. c4 f5 26. exf5 Qxf5 27. Qb2 Rde8 28. Be4 Qf6 29. Rbe1 Bh3 30. Bg2 Bxg2 31. Kxg2 h5 32. Qe2 h4 33. gxh4 Qxh4 34. Re4 Rf4 35. Rxf4 Qxf4 36. Qe4 Qg5+ 37. Kh1 Qf6 38. Kg2 Rf8 39. Re2 Qg5+ 40. Kh1 Rf5 41. f3 Qf6 42. Kg2 Qg6+ 43. Kh1 Qh5 44. Qg4 Qf7 45. Kg2 Qf6 46. Kf2 g6 47. Re4 Kg7 48. h4 Qe7 49. Kg3 Qb4 50. h5 Qe1+ 51. Kg2 Rxh5 52. Rxe1 1-0

[Event "RUS-chT Blitz Men 2018"]
[Site "Sochi"]
[Date "2018.10.10"]
[Round "15"]
[White "Sergeyev, Alexander"]
[Black "Dulenko, Maxim"]
[Result "1-0"]
[WhiteElo "2397"]
[BlackElo "2139"]
[Annotator "TA"]
[PlyCount "25"]
[EventDate "2018.10.10"]
[EventType "swiss"]
[EventCountry "RUS"]
[SourceTitle "playchess.com"]
[Source "ChessBase"]
[SourceQuality "1"]

1. e4 c5 2. Nc3 Nc6 3. Bb5 e6 4. Bxc6 bxc6 5. Nf3 d5 6. O-O Nf6 7. d3 Be7 8. Qe2 Ba6 9. b3 O-O 10. Rd1 Qa5 11. Bd2 Qc7 12. h3 Rab8 13. Bg5 1-0

[Event "RUS-chT Blitz Men 2018"]
[Site "Sochi"]
[Date "2018.10.10"]
[Round "15"]
[White "Gogolev, Artem"]
[Black "Grigoriants, Boris"]
[Result "1-0"]
[WhiteElo "2389"]
[BlackElo "1914"]
[Annotator "TA"]
[PlyCount "61"]
[EventDate "2018.10.10"]
[EventType "swiss"]
[EventCountry "RUS"]
[SourceTitle "playchess.com"]
[Source "ChessBase"]
[SourceQuality "1"]

1. Nf3 Nf6 2. g3 g6 3. b3 Bg7 4. Bb2 d6 5. d4 O-O 6. Bg2 Nbd7 7. Nbd2 Re8 8. O-O e5 9. dxe5 dxe5 10. e4 Qe7 11. Re1 Rd8 12. Qe2 Ne8 13. Nc4 b6 14. Ba3 c5 15. Ne3 Nc7 16. Red1 Bb7 17. Nd2 Nf8 18. Ndc4 Nfe6 19. c3 Rxd1+ 20. Rxd1 Rd8 21. Nd5 Nxd5 22. exd5 Ng5 23. h4 b5 24. Na5 b4 25. cxb4 cxb4 26. Bb2 Rd6 27. Nxb7 Qxb7 28. hxg5 a5 29. Rc1 a4 30. bxa4 Qa7 31. Rc5 1-0

[Event "RUS-chT Blitz Men 2018"]
[Site "Sochi"]
[Date "2018.10.10"]
[Round "15"]
[White "Ozgibcev, Anatoly"]
[Black "Artemiev, Vladislav"]
[Result "0-1"]
[WhiteElo "2368"]
[BlackElo "2706"]
[Annotator "TA"]
[PlyCount "88"]
[EventDate "2018.10.10"]
[EventType "swiss"]
[EventCountry "RUS"]
[SourceTitle "playchess.com"]
[Source "ChessBase"]
[SourceQuality "1"]

1. e4 c5 2. c3 d6 3. d4 Qc7 4. Nf3 Bg4 5. Be3 Nd7 6. Nbd2 Ngf6 7. Be2 e6 8. O-O Be7 9. h3 Bh5 10. Re1 O-O 11. Bf4 Rfd8 12. Bd3 Rac8 13. Qa4 a6 14. Bg3 Qb8 15. Rac1 Qa7 16. e5 dxe5 17. dxe5 Nd5 18. Qc2 Nf8 19. Be4 b5 20. a4 c4 21. axb5 axb5 22. Ra1 Qb6 23. Nd4 Bc5 24. N2f3 b4 25. Rad1 Qa5 26. Nf5 bxc3 27. Bxd5 exd5 28. bxc3 Qa6 29. Nd6 Bxf3 30. gxf3 Bxd6 31. exd6 Rxd6 32. Bxd6 Qxd6 33. Qd2 Rd8 34. Qe3 h6 35. Qe5 Qc6 36. Re2 Ng6 37. Qf5 Rd6 38. Red2 Nh4 39. Qf4 g5 40. Qg3 d4 41. cxd4 Nxf3+ 42. Kf1 Nxd2+ 43. Rxd2 Qh1+ 44. Ke2 Re6+ 0-1

[Event "RUS-chT Blitz Men 2018"]
[Site "Sochi"]
[Date "2018.10.10"]
[Round "15"]
[White "Derjabin, Ilja"]
[Black "Romanov, Evgeny"]
[Result "1-0"]
[WhiteElo "2345"]
[BlackElo "2614"]
[Annotator "TA"]
[PlyCount "87"]
[EventDate "2018.10.10"]
[EventType "swiss"]
[EventCountry "RUS"]
[SourceTitle "playchess.com"]
[Source "ChessBase"]
[SourceQuality "1"]

1. d4 Nf6 2. c4 b6 3. Nc3 Bb7 4. f3 d5 5. cxd5 Nxd5 6. e4 Nxc3 7. bxc3 g6 8. Bb5+ c6 9. Bc4 Bg7 10. Ne2 O-O 11. O-O c5 12. d5 Nd7 13. f4 Qc7 14. Kh1 Rad8 15. Qe1 Kh8 16. Qh4 Nf6 17. Ng3 e6 18. f5 exd5 19. Bf4 Qc6 20. Be2 Nxe4 21. Nxe4 dxe4 22. Bg5 e3 23. Bf3 Rd5 24. f6 e2 25. fxg7+ Kxg7 26. Bf6+ Qxf6 27. Qxf6+ Kxf6 28. Bxd5+ exf1=R+ 29. Rxf1+ Ke5 30. Bxb7 f5 31. g3 Rd8 32. Re1+ Kf6 33. c4 Rd2 34. a4 Ra2 35. Bc6 h5 36. h4 g5 37. hxg5+ Kxg5 38. Re7 Kg4 39. Rg7+ Kh3 40. Kg1 Ra1+ 41. Kf2 Ra2+ 42. Kf3 Rc2 43. Bd5 a6 44. Rh7 1-0

[Event "RUS-chT Blitz Men 2018"]
[Site "Sochi"]
[Date "2018.10.10"]
[Round "15"]
[White "Inozemtsev, Sergei"]
[Black "Timofeev, Artyom"]
[Result "0-1"]
[WhiteElo "2310"]
[BlackElo "2580"]
[Annotator "TA"]
[PlyCount "76"]
[EventDate "2018.10.10"]
[EventType "swiss"]
[EventCountry "RUS"]
[SourceTitle "playchess.com"]
[Source "ChessBase"]
[SourceQuality "1"]

1. e4 c5 2. Nf3 Nc6 3. Bb5 d6 4. O-O Bd7 5. Re1 Nf6 6. c3 a6 7. Bf1 Bg4 8. h3 Bxf3 9. Qxf3 g6 10. d3 Bg7 11. a4 O-O 12. Nd2 Nd7 13. Qg3 b5 14. axb5 axb5 15. Rxa8 Qxa8 16. Nf3 b4 17. Bd2 Qa2 18. cxb4 Nxb4 19. Bc3 Nc2 20. Rc1 Bxc3 21. Rxc2 Bf6 22. Nd2 Ne5 23. Nc4 Nc6 24. h4 Nd4 25. Rc1 Nc6 26. h5 Ne5 27. hxg6 hxg6 28. Rc2 Nxc4 29. dxc4 Rb8 30. Qg4 Qb1 31. Qe2 Bxb2 32. g3 Bd4 33. Kh2 Kg7 34. Bh3 Rh8 35. Kg2 Rxh3 36. Kxh3 Qh1+ 37. Kg4 Qh5+ 38. Kf4 e5# 0-1

[Event "RUS-chT Blitz Men 2018"]
[Site "Sochi"]
[Date "2018.10.10"]
[Round "15"]
[White "Jary, Sergey"]
[Black "Alekseev, Evgeny"]
[Result "1/2-1/2"]
[WhiteElo "2286"]
[BlackElo "2620"]
[Annotator "TA"]
[PlyCount "240"]
[EventDate "2018.10.10"]
[EventType "swiss"]
[EventCountry "RUS"]
[SourceTitle "playchess.com"]
[Source "ChessBase"]
[SourceQuality "1"]

1. d4 Nf6 2. Nf3 e6 3. g3 c5 4. Bg2 cxd4 5. O-O a6 6. Nxd4 Qc7 7. b3 d5 8. Bb2 e5 9. Nf3 Nc6 10. Nbd2 Bc5 11. e3 O-O 12. c4 d4 13. Nxe5 dxe3 14. Nxc6 Bg4 15. Qc2 bxc6 16. fxe3 Bxe3+ 17. Kh1 Bg5 18. Ne4 Nxe4 19. Qxe4 Bd7 20. Qd4 Bh6 21. Rad1 Rad8 22. Qe5 Qc8 23. Qc5 Rfe8 24. Rde1 Bh3 25. Rxe8+ Rxe8 26. Qxc6 Qxc6 27. Bxc6 Re2 28. Rd1 f6 29. Ba3 Bd2 30. Bf3 Rf2 31. Be4 f5 32. Bc5 fxe4 33. Bxf2 e3 34. Bxe3 Bxe3 35. Re1 Bd4 36. Rd1 Be3 37. Re1 Bf2 38. Re2 Bc5 39. Re5 Bd4 40. Re4 Bc5 41. Re5 Bf2 42. Re2 Bb6 43. Re4 Kf7 44. b4 Bc8 45. Rf4+ Ke6 46. c5 Bc7 47. Rh4 h6 48. Kg1 Bb7 49. a4 Bc6 50. b5 axb5 51. axb5 Bxb5 52. Rg4 Be5 53. Rb4 Bc6 54. Kf2 Kd5 55. Rg4 Kxc5 56. h4 Kd5 57. Rb4 Ke6 58. g4 Bd6 59. Rb2 Bd5 60. Ke3 Ke5 61. Rb5 Be7 62. h5 Bg5+ 63. Kf2 Bh4+ 64. Ke3 Bg5+ 65. Kf2 Kd4 66. Rb4+ Kc5 67. Ra4 Kd6 68. Ra6+ Ke5 69. Ra5 Bd8 70. Rb5 Bc7 71. Ke2 Bd6 72. Ra5 Ke4 73. Ra4+ Ke5 74. Ke3 Bc5+ 75. Ke2 Bd4 76. Kd3 Be4+ 77. Ke2 Bc3 78. Rc4 Bd4 79. Ra4 Bb6 80. Rb4 Bd8 81. Rb8 Bf6 82. Ke3 Bg5+ 83. Kf2 Kf4 84. Rb4 Be7 85. Rc4 Bh4+ 86. Ke2 Bf6 87. Kf2 Bg5 88. Ra4 Be7 89. Rc4 Bd6 90. Ke2 Be5 91. Kf2 Bd6 92. Ke2 Be7 93. Kf2 Ke5 94. Ke3 Bd5 95. Ra4 Bg5+ 96. Ke2 Bf4 97. Kf2 Bd2 98. Ke2 Bc3 99. Kd3 Be1 100. Ke2 Bh4 101. Ke3 Be6 102. Ra5+ Kf6 103. Kf4 Bg5+ 104. Kf3 Bd2 105. Rb5 Bc3 106. Kf4 Bd4 107. Kf3 Be5 108. Ke4 Bd6 109. Kf3 Bd7 110. Ra5 Bc6+ 111. Ke2 Ke6 112. Kf2 Bd5 113. Ke3 Ke5 114. Rb5 Ba3 115. Ra5 Bc1+ 116. Ke2 Kd4 117. Ra7 Bg5 118. Rxg7 Ke4 119. Rd7 Be6 120. Re7 Bxe7 1/2-1/2

[Event "RUS-chT Blitz Men 2018"]
[Site "Sochi"]
[Date "2018.10.10"]
[Round "15"]
[White "Kozak, Alexander"]
[Black "Iljiushenok, Ilia"]
[Result "0-1"]
[WhiteElo "2262"]
[BlackElo "2539"]
[Annotator "TA"]
[PlyCount "67"]
[EventDate "2018.10.10"]
[EventType "swiss"]
[EventCountry "RUS"]
[SourceTitle "playchess.com"]
[Source "ChessBase"]
[SourceQuality "1"]

1. e4 e5 2. Nf3 Nc6 3. Bb5 Nf6 4. d3 Bc5 5. Bxc6 dxc6 6. h3 Qe7 7. Qe2 Nd7 8. Nbd2 f6 9. Nc4 O-O 10. Be3 Bd6 11. O-O c5 12. a4 Nb8 13. Nfd2 Nc6 14. c3 Be6 15. f4 exf4 16. Bxf4 Bxf4 17. Rxf4 Rad8 18. Raf1 b6 19. R1f3 a6 20. Rg3 Rd7 21. Re3 b5 22. axb5 axb5 23. Na3 Rb8 24. Rf1 Bf7 25. Nf3 Bh5 26. Qf2 Bxf3 27. Qxf3 Ne5 28. Qg3 b4 29. Nc2 bxc3 30. bxc3 Rb2 31. Ne1 Rd8 32. Nf3 Rxd3 33. Nxe5 Rxe3 34. Qxe3 0-1

[Event "RUS-chT Blitz Men 2018"]
[Site "Sochi"]
[Date "2018.10.10"]
[Round "15"]
[White "Borisova, Ekaterina"]
[Black "Malakhov, Vladimir"]
[Result "0-1"]
[WhiteElo "2256"]
[BlackElo "2661"]
[Annotator "TA"]
[PlyCount "98"]
[EventDate "2018.10.10"]
[EventType "swiss"]
[EventCountry "RUS"]
[SourceTitle "playchess.com"]
[Source "ChessBase"]
[SourceQuality "1"]

1. d4 g6 2. g3 Bg7 3. Bg2 d5 4. Nf3 e6 5. O-O Ne7 6. c4 O-O 7. Nbd2 Nbc6 8. e3 b6 9. b3 a5 10. a3 Ba6 11. Bb2 a4 12. Re1 axb3 13. cxd5 exd5 14. Nxb3 Qd6 15. Rc1 Bb5 16. Nbd2 Na5 17. Qc2 Nc4 18. Nxc4 Bxc4 19. Nd2 b5 20. e4 c6 21. Qc3 Ra4 22. e5 Qe6 23. Nb3 Bxb3 24. Qxb3 Nc8 25. Qc2 Rc4 26. Qb3 Nb6 27. Bf1 Rxc1 28. Rxc1 Ra8 29. Bc3 Nc4 30. Bb4 Bf8 31. Bxc4 dxc4 32. Qc3 Bxb4 33. axb4 h5 34. h4 Kh7 35. Re1 Qf5 36. Rd1 Ra2 37. Qe3 Rb2 38. Qe1 Qf3 39. Rc1 Re2 40. Qf1 Rd2 41. e6 fxe6 42. Re1 Rxd4 43. Qh3 Qf5 44. Qg2 Qd5 45. Qh3 Rd1 46. Rxd1 Qxd1+ 47. Kh2 Qd5 48. Qf1 c3 49. Qc1 Qd2 0-1

[Event "RUS-chT Blitz Men 2018"]
[Site "Sochi"]
[Date "2018.10.10"]
[Round "15"]
[White "Kostin, Alexey"]
[Black "Khanin, Semen"]
[Result "1/2-1/2"]
[WhiteElo "2253"]
[BlackElo "2510"]
[Annotator "TA"]
[PlyCount "58"]
[EventDate "2018.10.10"]
[EventType "swiss"]
[EventCountry "RUS"]
[SourceTitle "playchess.com"]
[Source "ChessBase"]
[SourceQuality "1"]

1. e4 e5 2. Nf3 Nc6 3. Bc4 Bc5 4. c3 Nf6 5. d4 exd4 6. cxd4 Bb4+ 7. Bd2 Bxd2+ 8. Nbxd2 d5 9. exd5 Nxd5 10. Qb3 Na5 11. Qa4+ Nc6 12. Qb3 Nce7 13. O-O O-O 14. Rfe1 c6 15. Ne4 h6 16. h3 Nb6 17. Bf1 Be6 18. Qc2 Bf5 19. Bd3 Ned5 20. Nc5 Nb4 21. Qb3 Nxd3 22. Nxd3 Qd5 23. Qxd5 Nxd5 24. Nc5 b6 25. Nb3 Rad8 26. Ne5 Nb4 27. Rac1 Rd6 28. a3 Nc2 29. Re2 Be6 1/2-1/2

[Event "RUS-chT Blitz Men 2018"]
[Site "Sochi"]
[Date "2018.10.10"]
[Round "15"]
[White "Ponomarenko, Alexandr"]
[Black "Potapov, Pavel"]
[Result "0-1"]
[WhiteElo "2231"]
[BlackElo "2515"]
[Annotator "TA"]
[PlyCount "86"]
[EventDate "2018.10.10"]
[EventType "swiss"]
[EventCountry "RUS"]
[SourceTitle "playchess.com"]
[Source "ChessBase"]
[SourceQuality "1"]

1. e4 c5 2. Nf3 Nc6 3. d4 cxd4 4. Nxd4 e5 5. Nb5 d6 6. N5c3 Be7 7. Nd5 Nf6 8. Nbc3 O-O 9. Be2 Be6 10. O-O Nd4 11. Nxf6+ Bxf6 12. Be3 Rc8 13. Bd3 g6 14. Ne2 Nc6 15. c4 Bg7 16. Nc3 f5 17. f3 Nb4 18. b3 a6 19. Qd2 Qe7 20. Nd5 Nxd5 21. cxd5 Bd7 22. Rfc1 f4 23. Bf2 g5 24. Qb4 b5 25. a4 g4 26. axb5 gxf3 27. gxf3 Qg5+ 28. Kh1 Qh5 29. Be2 Bxb5 30. Qe1 Kh8 31. Qd1 Bf6 32. Bxb5 axb5 33. Qe2 Qh3 34. Bb6 Rg8 35. Rg1 Rxg1+ 36. Rxg1 Rc3 37. Rf1 Kg7 38. b4 Kf7 39. Qf2 Rc2 40. Qg1 Rxh2+ 41. Qxh2 Qxf1+ 42. Qg1 Qxf3+ 43. Kh2 Qxe4 0-1

[Event "RUS-chT Blitz Men 2018"]
[Site "Sochi"]
[Date "2018.10.10"]
[Round "15"]
[White "Mamedov, Elmin"]
[Black "Belyakov, Bogdan"]
[Result "0-1"]
[WhiteElo "2210"]
[BlackElo "2458"]
[Annotator "TA"]
[PlyCount "24"]
[EventDate "2018.10.10"]
[EventType "swiss"]
[EventCountry "RUS"]
[SourceTitle "playchess.com"]
[Source "ChessBase"]
[SourceQuality "1"]

1. e4 e5 2. Nf3 Nc6 3. Bb5 Nf6 4. d3 Bc5 5. O-O d6 6. h3 a6 7. Ba4 O-O 8. c3 Ba7 9. Nbd2 Ne7 10. Re1 Ng6 11. Nf1 Nh5 12. Ng3 Nxg3 0-1

[Event "RUS-chT Blitz Men 2018"]
[Site "Sochi"]
[Date "2018.10.10"]
[Round "15"]
[White "Zhakamukhov, Eduard"]
[Black "Rakhmanov, Aleksandr"]
[Result "0-1"]
[WhiteElo "2068"]
[BlackElo "2634"]
[Annotator "TA"]
[PlyCount "62"]
[EventDate "2018.10.10"]
[EventType "swiss"]
[EventCountry "RUS"]
[SourceTitle "playchess.com"]
[Source "ChessBase"]
[SourceQuality "1"]

1. e4 c5 2. Nf3 Nf6 3. e5 Nd5 4. c4 Nc7 5. Nc3 Nc6 6. Nd5 e6 7. Nxc7+ Qxc7 8. Qe2 b6 9. b3 Nb4 10. d3 Bb7 11. a3 Bxf3 12. gxf3 Nc6 13. Bb2 d6 14. f4 dxe5 15. fxe5 Rd8 16. O-O-O g6 17. f4 Bh6 18. Qe3 Nd4 19. b4 Nf5 20. Qf2 cxb4 21. axb4 Bf8 22. Bc3 a5 23. bxa5 bxa5 24. Bh3 Bc5 25. Qf3 Nd4 26. Bxd4 Bxd4 27. f5 Qb6 28. Qe2 Rb8 29. Qc2 Bb2+ 30. Kb1 Qb4 31. fxe6 Qa3 0-1

[Event "RUS-chT Blitz Men 2018"]
[Site "Sochi"]
[Date "2018.10.10"]
[Round "15"]
[White "Garifullina, Leya"]
[Black "Paravyan, David"]
[Result "0-1"]
[WhiteElo "1962"]
[BlackElo "2629"]
[Annotator "TA"]
[PlyCount "94"]
[EventDate "2018.10.10"]
[EventType "swiss"]
[EventCountry "RUS"]
[SourceTitle "playchess.com"]
[Source "ChessBase"]
[SourceQuality "1"]

1. e4 c5 2. Nf3 d6 3. d4 cxd4 4. Nxd4 Nf6 5. Nc3 a6 6. h3 e5 7. Nde2 h6 8. g4 b5 9. Bg2 Bb7 10. O-O Nbd7 11. a4 b4 12. Nd5 Nxd5 13. exd5 Be7 14. Ng3 Bg5 15. Nf5 Qf6 16. f4 Bxf4 17. Bxf4 exf4 18. Rxf4 O-O 19. Rxb4 Rab8 20. Qd4 Ne5 21. Rb6 Rfd8 22. Rf1 Ba8 23. Rxb8 Rxb8 24. Qa7 Qd8 25. b3 Qb6+ 26. Qxb6 Rxb6 27. a5 Rb5 28. Nxd6 Rxa5 29. Nc4 Nxc4 30. bxc4 Kf8 31. Re1 Bb7 32. Rb1 Bc8 33. Rb8 Rc5 34. d6 Ke8 35. Bb7 Kd7 36. Bxc8+ Rxc8 37. Rxc8 Kxc8 38. Kf2 a5 39. Ke2 a4 40. Kd2 g6 41. Kc3 f5 42. gxf5 gxf5 43. c5 Kd7 44. Kc4 Kc6 45. Kd4 a3 46. Ke5 a2 47. Ke6 a1=Q 0-1

[Event "RUS-chT Blitz Men 2018"]
[Site "Sochi"]
[Date "2018.10.10"]
[Round "15"]
[White "Terzyan, Nazar"]
[Black "Moiseenko, Vadim"]
[Result "0-1"]
[WhiteElo "1757"]
[BlackElo "2492"]
[Annotator "TA"]
[PlyCount "36"]
[EventDate "2018.10.10"]
[EventType "swiss"]
[EventCountry "RUS"]
[SourceTitle "playchess.com"]
[Source "ChessBase"]
[SourceQuality "1"]

1. e4 e5 2. Nc3 Bc5 3. Nf3 d6 4. Bc4 Nf6 5. d3 Bg4 6. h3 Bh5 7. O-O Nc6 8. g4 Nxg4 9. hxg4 Bxg4 10. Be3 Bd4 11. Nb5 a6 12. Nbxd4 exd4 13. Bg5 f6 14. Bh4 Ne5 15. Nxe5 Bxd1 16. Nf7 Qd7 17. Nxh8 Bf3 18. Kh2 Qg4 0-1

[Event "RUS-chT Blitz Men 2018"]
[Site "Sochi"]
[Date "2018.10.10"]
[Round "15"]
[White "Kharitonov, Egor"]
[Black "Yuffa, Daniil"]
[Result "1-0"]
[WhiteElo "1686"]
[BlackElo "2563"]
[Annotator "TA"]
[PlyCount "93"]
[EventDate "2018.10.10"]
[EventType "swiss"]
[EventCountry "RUS"]
[SourceTitle "playchess.com"]
[Source "ChessBase"]
[SourceQuality "1"]

1. d4 Nf6 2. c4 c5 3. d5 g6 4. Nc3 Bg7 5. e4 d6 6. Bd3 O-O 7. h3 e6 8. Nf3 Na6 9. a3 Bd7 10. O-O e5 11. Be2 Nh5 12. Ne1 Nf4 13. Bg4 f5 14. Bf3 Qh4 15. g3 Nxh3+ 16. Kg2 Qe7 17. Kxh3 fxe4+ 18. Bg4 Bf5 19. Kg2 Qd7 20. Bxf5 gxf5 21. Qh5 Qf7 22. Qxf7+ Rxf7 23. Nc2 Nc7 24. Bd2 a6 25. b4 b6 26. bxc5 bxc5 27. Rab1 Ne8 28. Rb6 Rd8 29. Rfb1 Nf6 30. Rb8 Rff8 31. Rxd8 Rxd8 32. Bg5 Rf8 33. Bxf6 Bxf6 34. Rb6 Be7 35. Rxa6 Rb8 36. Nb5 Rd8 37. Ra7 Bf8 38. a4 f4 39. a5 Bh6 40. a6 Rf8 41. Nxd6 e3 42. fxe3 fxe3 43. Rc7 e2 44. Rc8 Bd2 45. Rxf8+ Kxf8 46. Kf2 Ba5 47. a7 1-0